| 000 | 00702nam a2200217 i 4500 | ||
|---|---|---|---|
| 001 | 130676 | ||
| 003 | ES-MaACL | ||
| 005 | 20250801063038.0 | ||
| 007 | t| | ||
| 008 | 070803s1982 mx ||||1| spa d | ||
| 100 | 1 |
_aZavala, Silvio, _d1909-2014 _9118108 |
|
| 245 | 1 | 0 |
_aUna etapa en la construcción de la catedral de México _b: alrededor de 1585 / _cSilvio Zavala. |
| 250 | _a[1ª ed.]. | ||
| 260 |
_a[México] : _bEl Colegio de México, _c[1982] |
||
| 300 |
_a216 p. ; _c17 cm. |
||
| 490 | 1 |
_aJornadas ; _v96 |
|
| 610 | 2 | 4 |
_aCatedral de México- _xHistoria- _vFuentes. _92518 |
| 830 | 0 |
_aJornadas ; _v96 _9186836 |
|
| 852 |
_aES-MaACL _jL-3031 _bR.103933 |
||
| 999 |
_c130676 _d130676 |
||